Help! I'm trapped in obedience school again. (Record no. 110903)
[ view plain ]
| 000 -LEADER | |
|---|---|
| fixed length control field | 00350nam a2200133 a 4500 |
| 005 - DATE AND TIME OF LATEST TRANSACTION | |
| control field | 20140414131905.0 |
| 008 - FIXED-LENGTH DATA ELEMENTS--GENERAL INFORMATION | |
| fixed length control field | 090317s19uu xx 00 eng d |
| 020 ## - INTERNATIONAL STANDARD BOOK NUMBER | |
| International Standard Book Number | |
| 050 ## - LIBRARY OF CONGRESS CALL NUMBER | |
| Classification number | FIC |
| Item number | St8 1997 |
| 100 ## - MAIN ENTRY--PERSONAL NAME | |
| Personal name | Strasser, Todd |
| 245 ## - TITLE STATEMENT | |
| Title | Help! I'm trapped in obedience school again. |
| 260 ## - PUBLICATION, DISTRIBUTION, ETC. (IMPRINT) | |
| Place of publication, distribution, etc | New York : |
| Name of publisher, distributor, etc | Scholastic , |
| Date of publication, distribution, etc | 1997. |
| Withdrawn status | Lost status | Damaged status | Home library | Current library | Shelving location | Date acquired | Total Checkouts | Full call number | Barcode | Date last seen | Price effective from | Koha item type |
|---|---|---|---|---|---|---|---|---|---|---|---|---|
| Munich Library | Munich Library | Fiction Section | 09/27/2010 | FIC St8 1997 | M1428 | 04/14/2014 | 04/14/2014 | Books |